Movies Quiz

Random Movies Quiz

1930s Horror Movies Quiz Stats

 Plays Quiz not verified by Sporcle

Support Sporcle.
Go Orange.
Score 0/10 Timer 05:00
0 Plays Today
Description Movie Title % Correct
A scientist creates and then rejects his creationFrankenstein
95.7%
A monster moves to England to seek new preyDracula
80.3%
An animal takes a disasterous trip to the cityKing Kong
66.7%
A scientist disappearsThe Invisible Man
56.4%
A long dead man who comes back to life searches for his long lost loveThe Mummy
55.6%
A scientist creates a serum that is truly life alteringDr. Jekyll and Mr. Hyde
31.6%
After a trip to Tibet a man gets into a hairy situationWerewolf of London
30.8%
The title of this film is also where strangers meet a weird familyThe Old Dark House
29.9%
A murderer puts his victims on public displayMystery of the Wax Museum
23.9%
A man seeks revenge on an old enemy who marries then murders womenThe Black Cat
17.1%

You're not logged in!

Compare scores with friends on all Sporcle quizzes.
OR
Log In

From the Vault

Nicknames by State Multiple Choice

by geronimostilton

Apparently, we like our nicknames in the Land of the Free.
Remove Ads.
Support Sporcle.
Get the best of Sporcle when you Go Orange. This ad-free experience offers more features, more stats, and more fun while also helping to support Sporcle. Thank you for becoming a member.

Show Comments

Extras

Created Feb 15, 2011ReportNominate
Tags:1930, description, horror

Top Quizzes Today


Score Distribution

Your Account Isn't Verified!

In order to create a playlist on Sporcle, you need to verify the email address you used during registration. Go to your Sporcle Settings to finish the process.

Report this User

Report this user for behavior that violates our Community Guidelines.

Details: